01659nas a2200241Ia 4500001001100000003001000011008004100021040002500062041001300087100003000100210002000130222002000150245004200170250001100212260008100223300001100304310001200315362004100327500045700368501011400825520045700939650002101396R300-R7239IT-CnALBA170116c99999999xx |||||||||||| ||und|| aIT-CnALBAcIT-CnALBA aITALIANO aARINZE FRANCIS, CARDINALE aSTUDI CATTOLICI aSTUDI CATTOLICI 0aSTUDI CATTOLICI. APRILE-MAGGIO 1985.  a1a ed. aROMA - MILANObARES EDIZIONI c1985 [1° Ed.:1985 - Ed.Ling.Originale: 1985] a80 p.  aMENSILE aFascicolo: 290-291 / Anno: 29 (1985) aL'INCARNAZIONE DEL VANGELO NELLE CULTURE. LA SCUOLA E L'INFORMATICA. LA CHIESA ITALIANA CON IL PAPA A LORETO, CAVALLERI C. L'UNESCO SOFFOCATA DALLA BUROCRAZIA, MATHIEU V. QUO VADIS, KOLOSSAL? RUBRICA TELEVISIVA DI F. COLOMBO. LETTERA DA BERLINO, LIBERALI ALLA RISCOSSA. PASTORALE, DIACONIA DELLA SOFFERENZA. SACRA SCRITTURA, IL SALMO DELLA SPERANZA. DANTE, LA GIUSTIZIA E LO STILE. CENTENARO DI VICTOR HUGO, DRAMMATURGO. DE GASPERI E LA RERUM NOVARUM.  aSocietà San Paolo EM - Piazza San Paolo, 14 - 12051 ALBA (CN) (non commercial uses only) ® Copyright 2017 aL'INCARNAZIONE DEL VANGELO NELLE CULTURE. LA SCUOLA E L'INFORMATICA. LA CHIESA ITALIANA CON IL PAPA A LORETO, CAVALLERI C. L'UNESCO SOFFOCATA DALLA BUROCRAZIA, MATHIEU V. QUO VADIS, KOLOSSAL? RUBRICA TELEVISIVA DI F. COLOMBO. LETTERA DA BERLINO, LIBERALI ALLA RISCOSSA. PASTORALE, DIACONIA DELLA SOFFERENZA. SACRA SCRITTURA, IL SALMO DELLA SPERANZA. DANTE, LA GIUSTIZIA E LO STILE. CENTENARO DI VICTOR HUGO, DRAMMATURGO. DE GASPERI E LA RERUM NOVARUM.  aTEOLOGIA SOCIALE